000 00748nam a22002177a 4500
001 25495
005 20260428143204.0
008 260427b |||||||| |||| 00| 0 spa d
082 _a340.072
_bP23
100 _aPantigoso Bustamante, Victor Augusto Benjamín
_eAUT
245 _aLa investigación científica y la elaboración de la tesis en derecho
260 _aArequipa :
_b[Editor no identificado],
_c2009
300 _a193 páginas :
_bgráficos, cuadros ;
_c20 cm.
440 _a ;
650 _aCIS
653 _aDerecho - Investigación - Metodología; Derecho - Tesis
654 _aCDE
700 _a;
856 _uhttps://itmsp.museknowledge.com/UCSP?groupID=2
_zVéase además: Biblioteca Digital
942 _cLIB
_dJUS
_fMAT
_n0
_2ddc
999 _c25495
_d25495